| 000 | 01206cam a2200361 a 4500 | ||
|---|---|---|---|
| 001 | 561 | ||
| 005 | 20230629095208.0 | ||
| 008 | 060721s2007 nyua b 000 1 eng | ||
| 020 | _a9780061124341 (trade bdg.) | ||
| 020 | _a0061124346 (trade bdg.) | ||
| 020 | _a9780061124334 (pbk.) | ||
| 020 | _a0061124338 (pbk.) | ||
| 040 |
_aDLC _cDLC _dDLC |
||
| 050 | 0 | 0 |
_aPZ7.F88917 _bPrdd 2007 |
| 082 | 0 | 0 |
_a[Fic] _222 |
| 100 | 1 | _aFrench, Vivian. | |
| 245 | 1 | 0 |
_aPrincess Daisy and the dazzling dragon / _cVivian French ; illustrated by Sarah Gibb. |
| 250 | _a1st U.S. ed | ||
| 260 |
_aNew York : _bOrchard Books _c2005. |
||
| 300 |
_a70 pages : _billustrations ; _c20 cm. |
||
| 490 | 0 | _aThe Tiara Club | |
| 505 | _aH | ||
| 520 | _aA timid young princess is afraid of dragons until she sees one for herself, then has the opportunity to prove her newfound courage to the entire school. | ||
| 521 |
_a510
_bRaz-Plus |
||
| 521 |
_aH
_bRaz-Plus |
||
| 650 | 1 |
_aPrincesses _vFiction. |
|
| 650 | 1 |
_aCourage _vFiction. |
|
| 650 | 1 |
_aDragons _vFiction. |
|
| 650 | 1 |
_aSchools _vFiction. |
|
| 700 | 1 |
_aGibb, Sarah, _eillustrator |
|
| 906 |
_a7 _bcbc _corignew _d1 _eecip _f20 _gy-gencatlg |
||
| 942 |
_2ddc _cBK _n0 |
||
| 999 |
_c561 _d561 |
||